| 000 | 01064pam a2200289 a 4500 | ||
|---|---|---|---|
| 999 |
_c43834 _d43834 |
||
| 001 | 2542670 | ||
| 005 | 20190604202550.0 | ||
| 008 | 940729s1995 iluab b 001 0 eng | ||
| 010 | _a 94031421 | ||
| 020 | _a025611319X | ||
| 040 |
_aDLC _cDLC _dDLC |
||
| 043 | _an-us--- | ||
| 050 | 0 | 0 |
_aHF5415.1 _b.B4155 1995 |
| 082 | 0 | 0 |
_a658.8 _220 |
| 100 | 1 |
_aBearden, William O., _d1945- _92074 |
|
| 245 | 1 | 0 |
_aMarketing : _bprinciples & perspectives / _cWilliam O. Bearden, Thomas N. Ingram, Raymond W. LaForge. |
| 260 |
_aChicago : _bIrwin, _cc1995. |
||
| 300 |
_axlviii, 631 p. : _bcol. ill., col. map ; _c29 cm. |
||
| 440 | 4 |
_aThe Irwin series in marketing _92075 |
|
| 504 | _aIncludes bibliographical references (p. [584]-601) and index. | ||
| 650 | 0 | 0 |
_aMarketing _zUnited States. _92076 |
| 700 | 1 |
_aIngram, Thomas N. _92077 |
|
| 700 | 1 |
_aLaForge, Raymond W. _92078 |
|
| 906 |
_a7 _bcbc _corignew _d1 _eocip _f19 _gy-gencatlg |
||
| 942 |
_2udc _cBK |
||
| 955 | _apc14 to sa00 07-29-94; sc00 08-01-94; sc16 08-01-94; sc17; sc03 to DDC 08-02-94; CIP ver. pv07 02-22-95 | ||